Basic concept in research technology / (Record no. 28065)

MARC details
000 -LEADER
fixed length control field 00855nam a22002417a 4500
005 - DATE AND TIME OF LATEST TRANSACTION
control field 20090706121053.0
008 - FIXED-LENGTH DATA ELEMENTS--GENERAL INFORMATION
fixed length control field 090706t xxu||||| |||| 00| 0 eng d
010 ## - LCCN (DPL NO)
LC control number ENG-94317
020 ## - INTERNATIONAL STANDARD BOOK NUMBER
International Standard Book Number 9788189840891
Terms of availability 80.00
035 ## - SYSTEM CONTROL NUMBER
System control number EN-77850
037 ## - SOURCE OF ACQUISITION
Source of stock number/acquisition DBAD / PUB
040 ## - CATALOGING SOURCE
Original cataloging agency dpl
Language of cataloging English
082 ## - DEWEY DECIMAL CLASSIFICATION NUMBER
Classification number 004
100 ## - MAIN ENTRY--PERSONAL NAME
Personal name Boopathi, K.
245 ## - TITLE STATEMENT
Title Basic concept in research technology /
Statement of responsibility, etc by K. Boopathi
260 ## - PUBLICATION, DISTRIBUTION, ETC. (IMPRINT)
Place of publication, distribution, etc Erode
Name of publisher, distributor, etc Pallavi Pathippagam S. India
Date of publication, distribution, etc 2008
270 ## - ADDRESS
Address 194, Kanna Complex, Mettur Road,
City Erode
Postal code 11
300 ## - PHYSICAL DESCRIPTION
Extent 101p.
Dimensions 20cm(pbk)
650 ## - SUBJECT ADDED ENTRY--TOPICAL TERM
Topical term or geographic name as entry element Electronic data processing
General subdivision Research
650 ## - SUBJECT ADDED ENTRY--TOPICAL TERM
Topical term or geographic name as entry element Information technology
General subdivision Research
942 ## - ADDED ENTRY ELEMENTS (KOHA)
Source of classification or shelving scheme Dewey Decimal Classification
Item type English Books
Call number suffix BOO
Classification part 004
Holdings
Withdrawn status Lost status Source of classification or shelving scheme Damaged status Not for loan Collection code Home library Current library Date acquired Source of acquisition Cost, normal purchase price Total Checkouts Full call number Barcode Date last seen Copy number Cost, replacement price Koha item type
    Dewey Decimal Classification   Not For Loan Non-fiction D.B.Act.Division D.B.Act.Division 06/07/2009 DBAD / PUB 80.00   004 BOO EN-77850 06/07/2009 1 80.00 English Books

© Delhi Public Library
Hit Counter
free hit counter